000 00471nam a2200169Ia 4500
003 GCL
008 140319s9999 xx 000 0 ara d
040 _aGCL /
_cGCL
082 0 4 _a629.133
_bا ب
100 1 _aاحمد عبدالسلام الكردانى
245 1 0 _aبسائط الطيران /
_cاحمد عبدالسلام الكردانى
300 _a175
490 _a100 قصة
_v0
650 0 4 _aالهندسة
650 0 4 _aالطيران
942 _2ddc
_cBK
999 _c43714
_d43714